000 00414pab a2200157 454500
008 180718b1995 xxu||||| |||| 00| 0 eng d
100 _aNihila, Millie
245 _aIndustrial pollution and workers' health.
260 _c1995
300 _ap.1484-485
362 _a24 Jun
650 _aEnvironmental health - India
650 _aPollution - India
773 _aEconomic and Political Weekly
909 _a29057
999 _c29057
_d29057